Молибден. Методы химического анализа; ГОСТ 14338.1-82 Молибден. Метод определения углерода; ГОСТ 14338.2-82 Молибден. Метод определения серы; ГОСТ 14338.3-82 Молибден. Метод определения фосфора; ГОСТ 14338.4-82 Молибден. Метод определения азота, кислорода и водорода

Podrobná bibliografie
Korporativní autor: СССР Государственный комитет по стандартам (Госстандарт)
Jazyk:ruština
Vydáno: Москва, Изд-во стандартов, 1982
Vydání:Изд. офиц.
TOC:ГОСТ 14338.1-82 Молибден. Метод определения углерода;
ГОСТ 14338.2-82 Молибден. Метод определения серы;
ГОСТ 14338.3-82 Молибден. Метод определения фосфора;
ГОСТ 14338.4-82 Молибден. Метод определения азота, кислорода и водорода;
Edice:Государственные стандарты
Témata:
Médium: MixedMaterials Kniha
KOHA link:https://koha.lib.tpu.ru/cgi-bin/koha/opac-detail.pl?biblionumber=154076

MARC

LEADER 00000nam0a2200000 4500
001 154076
005 20231031151640.0
035 |a (RuTPU)RU\TPU\book\167129 
035 |a RU\TPU\book\167125 
090 |a 154076 
100 |a 20090220d1982 km y0rusy50 ca 
101 0 |a rus 
102 |a RU 
105 |a a l 000zy 
200 1 |a Молибден. Методы химического анализа 
205 |a Изд. офиц. 
210 |a Москва  |c Изд-во стандартов  |d 1982 
215 |a 27 с.  |c ил. 
225 1 |a Государственные стандарты 
464 |t ГОСТ 14338.1-82 Молибден. Метод определения углерода 
464 |t ГОСТ 14338.2-82 Молибден. Метод определения серы 
464 |t ГОСТ 14338.3-82 Молибден. Метод определения фосфора 
464 |t ГОСТ 14338.4-82 Молибден. Метод определения азота, кислорода и водорода 
610 1 |a ГОСТы 
610 1 |a стандарты 
610 1 |a молибден 
610 1 |a химический анализ 
610 1 |a методы определения 
712 0 1 |a СССР  |b Государственный комитет по стандартам (Госстандарт)  |c (1978-1989)  |2 stltpush  |3 (RuTPU)RU\TPU\col\12454 
801 2 |a RU  |b 63413507  |c 20221208  |g PSBO 
942 |c BK